000 01069nam a2200361 a 4500
001 vtls000351252
003 NLI
005 20210602170456.0
008 110113s2005 nyud e 001 0 eng
020 _a0765614820
_c$89.95
039 9 _y201101132013
_zVLOAD
040 _aNLI :
_beng
_cNLMARC21
041 0 _aeng
044 _anyu
082 0 4 _a330.1
_222
245 0 0 _aInteractions in analytical political economy :
_btheory, policy and applications/
_ced. Mark Setterfield
260 _aArmonk, N.Y. :
_bM. E. Sharpe,
_cc2005
300 _aix, 281 p.;
_c24 cm.
504 _aIncludes bibliographical references and index
650 0 _aEconomics
_92844
650 0 _aPolitical science
_9867
650 0 _aEconomic policy
_92783
650 0 _aMacroeconomics
_9202358
700 1 _aSetterfield, Mark
_4edt
_9523182
887 _aSantanu Chanda kc
901 _a552273
_b27.1.06
902 _aE 330.1 In 8 f
904 _aSantanu Chanda
905 _akc
942 _2ddc
_cBKS
949 _AVIRTUAITEM
_D10012
_X100
_6552273
999 _aVIRTUA40
_c310552
_d310552